Southville International School and Colleges
Your cart is empty.
  • Cart
  • Lists
    Public lists Eva Luna New books Lux_list list_1
    Your lists Log in to create your own lists
  • Log in to your account
  • Your cookies
  • Search history
Southville International School and Colleges
  • Advanced search
  • Recent comments
  • Most popular
  • Libraries

Log in to your account

Log in with GOOGLE


If you do not have an external account, but do have a local account, you can still log in:

  1. Home
  2. MARC view: Gallery-Wonders book three :
Normal view MARC view ISBD view

Gallery-Wonders book three : (Record no. 9839)

[ view plain ]
MARC details
000 -LEADER
fixed length control field 00611nam a22001817a 4500
003 - CONTROL NUMBER IDENTIFIER
control field SISC
005 - DATE AND TIME OF LATEST TRANSACTION
control field 20160308093150.0
008 - FIXED-LENGTH DATA ELEMENTS--GENERAL INFORMATION
fixed length control field 130829t xxu||||| |||| 00| 0 eng d
050 ## - LIBRARY OF CONGRESS CALL NUMBER
Classification number PN 1
Item number .G787 1968
082 ## - DEWEY DECIMAL CLASSIFICATION NUMBER
Classification number HS 808.8
Item number G79 1975
100 ## - MAIN ENTRY--PERSONAL NAME
Personal name Greaves, Margaret
9 (RLIN) 15207
245 ## - TITLE STATEMENT
Title Gallery-Wonders book three :
Remainder of title a gallery of stories, poems and other wonders /
Statement of responsibility, etc Margaret Greaves.; illus. by Jill McDonald.; design and lettering by Paul Taylor.
260 ## - PUBLICATION, DISTRIBUTION, ETC. (IMPRINT)
Place of publication, distribution, etc California :
Name of publisher, distributor, etc Methuen Educational Ltd,
Date of publication, distribution, etc 1975.
650 ## - SUBJECT ADDED ENTRY--TOPICAL TERM
Topical term or geographic name as entry element Poems
9 (RLIN) 15208
650 ## - SUBJECT ADDED ENTRY--TOPICAL TERM
Topical term or geographic name as entry element Short Stories
9 (RLIN) 2265
942 ## - ADDED ENTRY ELEMENTS (KOHA)
Source of classification or shelving scheme Library of Congress Classification
Koha item type Books
Holdings
Withdrawn status Lost status Source of classification or shelving scheme Damaged status Home library Current library Shelving location Date acquired Total Checkouts Full call number Barcode Date last seen Copy number Price effective from Koha item type
    Library of Congress Classification   Luxembourg Library Luxembourg Library High School Section 08/29/2013   PN 1 .G787 1968 4271 03/08/2016 1 08/29/2013 Books

Gallery-Wonders book three :

APA

Greaves M., . (1975). Gallery-Wonders book three. California: Methuen Educational Ltd.

Chicago

Greaves Margaret, . 1975. Gallery-Wonders book three. California: Methuen Educational Ltd.

Harvard

Greaves M., . (1975). Gallery-Wonders book three. California: Methuen Educational Ltd.

MLA

Greaves Margaret, . Gallery-Wonders book three. California: Methuen Educational Ltd. 1975.

  • Place hold
  • Print
  • Cite
  • Add to your cart (remove)
  • Save record
    BIBTEX Dublin Core MARCXML MARC (non-Unicode/MARC-8) MARC (Unicode/UTF-8) MARC (Unicode/UTF-8, Standard) MODS (XML) RIS
  • More searches
    Search for this title in:
    Other Libraries (WorldCat) Other Databases (Google Scholar) Online Stores (Bookfinder.com) Open Library (openlibrary.org)

Exporting to Dublin Core...

SOUTHVILLE LIBRARY

Southville International School and Colleges Library

1281 Tropical Ave. Cor. Luxembourg St., BF Homes International, Las Pinas City

Tel. No. 8256374 / 252358 Loc. 117/146

Powered by Koha